Responses for show #7384 - Thursday, October 20, 2016

WE ASKED: Al Franken.

Contestants

Hunter Manchak, a product director from Washington, D.C.

Doug Hartman, a consulting engineer from Virginia Beach, Virginia

Debbi Hopkins, an administrative assistant from Charleston, South Carolina (whose 1-day cash winnings total $18,300)

Jeopardy! Round responses

HERE COMES THE SUN
CITIES & TOWNS OF THE BIBLE
FRUITS & VEGETABLES
"Z" IS THE FIRST LETTER
(Alex: "Z" is not the last, it's the first letter in each correct response.)
WAR STARS
MAY THE FOURTH BE WITH YOU
    $200 11
five billion years

Hunter
    $200 21
Abraham

Triple Stumper
    $200 1
an orange

Hunter
    $200 16
Zamboni

Hunter
    $200 22
300

Debbi
    $200 6
Mars

Hunter
    $400 12
a solar wind

Hunter
    $400 27
(Debbi: What is Tarshish?)

Damascus

Debbi
Triple Stumper
    $400 2
peppers

Debbi
    $400 17
zany

Doug
    $400 23
Mulan

Doug
    $400 7
delta

Doug
    $600 13
heliocentric

Hunter
    $600 28
the West Bank

Hunter
    $600 3
(Debbi: What is Savoy?)

iceberg lettuce

DebbiDoug
    $600 18
Zappos

Hunter
    $600 24
Beasts of No Nation

Triple Stumper
    $600 8
the Supremes

Doug
    $800 14
photons

Doug
    $800 29
Cana

Debbi
    $800 4
a tomatillo

Debbi
    $800 19
zirconia

Doug
    $800 25
G.I. Jane

Hunter
    $800 9
Houston

Doug
    $1000 15
the photosphere

Triple Stumper
    $1000 30
(Hunter: Uh, who is Sheba?)

Jezebel

DebbiHunter
    $1000 5
a grapefruit

Doug
    $3,000 20
zest

Doug
    $1000 26
(Hunter: What is Flags of Our Fathers?)

Letters from Iwo Jima

Hunter
Triple Stumper
    $1000 10
Beethoven

Triple Stumper

Scores at the first commercial break (after clue 15):

Debbi Doug Hunter
$600 $4,200 $1,600

Scores at the end of the Jeopardy! Round:

Debbi Doug Hunter
$2,200 $8,800 $1,800

Double Jeopardy! Round responses

HISTORICAL TO-DO LISTS
A BETTE MIDLER MEDLEY
SENATE COMMITTEES
PREFECTURES OF JAPAN
8-LETTER WORDS
BOOKS BY MEN
    $400 1
Henry VIII

Hunter
    $400 23
"Wind Beneath My Wings"

Hunter
    $400 20
the Judiciary Committee

Hunter
    $400 11
Hiroshima

Hunter
    $400 6
shoehorn

Hunter
    $400 19
Through the Looking Glass

Doug
    $800 2
Buzz Aldrin

Hunter
    $800 26
(Hunter: What is Fiddler on the Roof?)

Hello Dolly

Hunter
Triple Stumper
    $800 21
Pensions

Doug
    $800 12
1998

Hunter
    $800 7
(Hunter: What is white wine vinegar?)

balsamic

DebbiHunter
    $800 15
(Herman) Melville

Debbi
    $1200 3
Christopher Wren

Debbi
    $1200 27
(Doug: What is Wicked?)
[The end-of-round signal sounds.]

Hocus Pocus

Doug
Triple Stumper
    $1200 22
(Alex: And we have less than a minute to go now, Doug.)

the Special Committee on Aging

Triple Stumper
    $1200 13
Miyagi

Triple Stumper
    $1200 10
(Alex: De bonne aire.)

debonair

Triple Stumper
    $1200 18
(Hunter: What is Ulysses?
(Debbi: What are Dubliners?)

Finnegans Wake

DebbiHunter
Triple Stumper
    $1600 4
(Alexander) Fleming

Doug
    $1600 24
Ethics

Hunter
    $1600 14
Akita

Debbi
    $2,000 8
emeritus

Debbi
    $2,000 16
(Debbi: Hmm. Um... what is purgatory?)
(Alex: No. What is [*]? And for some, it was like purgatory.)

Vietnam

Debbi
    $2000 5
Henry Hudson

Triple Stumper
    $2000 25
(Hunter: What is Native American?)

Indian Affairs

DougHunter
    $2000 9
undulate

Hunter
    $2000 17
The Beautiful

Hunter

Scores at the end of the Double Jeopardy! Round:

Debbi Doug Hunter
$5,400 $12,400 $6,200
(lock-tie game)

[wagering suggestions for these scores]

Final Jeopardy! Round responses

QUOTABLE NOTABLES
DebbiWho is Mother Teresa
$1,601
HunterWho was Emily Dickenson
$6,200
DougWho was Emily Dickinson Helen Keller
$0
Helen Keller

Final scores:

Debbi Doug Hunter
$3,799 $12,400 $0
2nd place: $2,000 New champion: $12,400 3rd place: $1,000

Game dynamics:

Coryat scores:

Debbi Doug Hunter
$7,000 $10,400 $6,200
10 R
(including 1 DD),
4 W
(including 1 DD)
14 R
(including 1 DD),
1 W
19 R,
6 W

Combined Coryat: $23,600

The J! Archive is created by fans, for fans. The Jeopardy! game show and all elements thereof, including but not limited to copyright and trademark thereto, are the property of Jeopardy Productions, Inc. and are protected under law. This website is not affiliated with, sponsored by, or operated by Jeopardy Productions, Inc. Join the discussion at JBoard.tv.